ბათუმის შოთა რუსთაველის სახელმწიფო უნივერსიტეტის ბიბლიოთეკა

ილეოცეკალური კუთხის ქირურგიული ანატომია : (ბიბ.ჩანაწერი № 37540)

000 -ლიდერი
ფიქსირებული სიგრძის საკონტროლო ველი 01087nam a2200229Ia 4500
001 - საკონტროლო ნომერი
საკონტროლო ველი 3505
003 - საკონტროლო ნომრის იდენტიფიკატორი
საკონტროლო ველი GE_BSU
005 - ბოლო ოპერაციის თარიღი და დრო
საკონტროლო ველი 20190618162538.0
008 - ფიქსირებული სიგრძის მონაცემთა ელემენტები - ზოგადი ინფორმაცია
ფიქსირებული სიგრძის საკონტროლო ველი 181216s1969||||ge |||||||||||||| ||geo||
040 ## - კატალოგიზაციის წყარო
Transcribing agency GE_BSU
041 ## - ენის კოდი
Language code of text/sound track or separate title geo
080 ## - უნივერსალური ათობითი კლასიფიკაციის ინდექსი
Universal Decimal Classification number 616.346.5+611.95 კ–37
100 ## - მთავარი ჩანაწერი - პიროვნების სახელი
Personal name კახიანი, ვ.
9 (RLIN) 2559
245 ## - ცნობა სათაურის შესახებ
Title ილეოცეკალური კუთხის ქირურგიული ანატომია :
Remainder of title მონოგრაფია /
Statement of responsibility, etc წინასიტყვ. დ. იოსელიანისა ; ექსპერიმ. და კლინ. ქირურგიის ინ-ტი.
264 ## - წარმოების, გამოცემის, დისტრიბუციის და სხვა ცნობები
გამოცემის, წარმოების, დისტრიბუციის... ადგილი თბილისი :
გამოცემის, წარმოების, დისტრიბუციის... სახელწოდება მეცნიერება,
გამოცემის, წარმოების, დისტრიბუციის... თარიღი 1969.
300 ## - ფიზიკური აღწერა
Extent 496 გვ. :
Other physical details ილ. და ცხრილ. 11 ფ. ილ. ;
Dimensions 26 სმ.
504 ## - BIBLIOGRAPHY, ETC. NOTE
Bibliography, etc ბიბლიოგრ: გვ. 465-496.
518 ## - DATE/TIME AND PLACE OF AN EVENT NOTE
Date/time and place of an event note რეზუმე რუს. ენ..
653 ## - INDEX TERM--UNCONTROLLED
Uncontrolled term ილეოცეკალური კუთხე
653 ## - INDEX TERM--UNCONTROLLED
Uncontrolled term ქირურგიული ანატომია
942 ## - ADDED ENTRY ELEMENTS (KOHA)
Koha item type წიგნი
Source of classification or shelving scheme
ეგზემპლარები
ჩამოწერის სტატუსი დაკარგული ეგზემპლარის სტატუსი კლასიფიკაციის წყარო ან თაროზე გაწყობის სქემა დაზიანების სტატუსი არ გაიცემა მუდმივი მდებარეობა (დაცვის ადგილი) ამჟამინდელი ადგილსამყოფელი თაროზე განთავსების ადგილი შეძენის თარიღი სრული შენახვის შიფრი შტრიხკოდი ბოლო ოპერაციის თარიღი ეგზემპლარის მიმდევრობითი ნომერი (კეტერი?) ფასის ძალაში შესვლის თარიღი ეგზემპლარის სახეობა საჯარო შენიშვნა
          ბათუმის შოთა რუსთაველის სახელმწიფო უნივერსიტეტის მთავარი ბიბლიოთეკა ბათუმის შოთა რუსთაველის სახელმწიფო უნივერსიტეტის მთავარი ბიბლიოთეკა წიგნსაცავი 2018-12-17 616.346.5+611.95 კ–37 4983 2018-12-17 4983 2018-12-17 წიგნი